Anscombe and Ringland Ltd v Watson and others (Record no. 32492)

MARC details
000 -LEADER
fixed length control field 01657cab a2200241 4500
001 - CONTROL NUMBER
control field ABS45343
008 - FIXED-LENGTH DATA ELEMENTS--GENERAL INFORMATION
fixed length control field 090401t1991 xxu||||| |||| 00| 0 eng d
035 ## - SYSTEM CONTROL NUMBER
System control number (Sirsi) u52455
041 ## - LANGUAGE CODE
Language code of text/sound track or separate title eng
245 ## - TITLE STATEMENT
Title Anscombe and Ringland Ltd v Watson and others
260 ## - PUBLICATION, DISTRIBUTION, ETC.
Date of publication, distribution, etc. 1991
350 ## - PRICE (NR) (BK AM CF MU VM SE) [OBSOLETE]
Price 0
490 ## - SERIES STATEMENT
Series statement Estates Gazette
Volume/sequential designation (1991) 38 EG 230(1)
520 ## - SUMMARY, ETC.
Summary, etc. Mayor`s and City of London Court, 2 November 1990. The plaintiffs (A) received instructions from solicitors representing the defendant (W) to sell a flat. The solicitors mentioned that a Mr E was ineterested in the property and in fact he eventually completed the purchase. In October 1988 A's instructions, including sole agency, were agreed. A contacted Mr E, who after being shown around the flat by A's representative, made an offer of £300,000. This offer was rejected and A instructions were terminated. Mr E was informed but he did not lose interest making a further appointment with A to view the flat, A having retained the key due to an oversight by W. W were aware of this and by a letter dated January 1989 confirmed withdrawal of instructions from A, stating that they were placing the property with other agents, B. Mr E contacted the new agents with an offer of £340,000. This sale was completed. A requested commission which was refused. Judgement was given for the defendants.
650 ## - SUBJECT ADDED ENTRY--TOPICAL TERM
Topical term or geographic name entry element ANSCOMBE AND RINGLAND LTD V WATSON AND OTHERS
650 ## - SUBJECT ADDED ENTRY--TOPICAL TERM
Topical term or geographic name entry element EFFECTIVE CAUSE
650 ## - SUBJECT ADDED ENTRY--TOPICAL TERM
Topical term or geographic name entry element ESTATE AGENTS' COMMISSION
650 ## - SUBJECT ADDED ENTRY--TOPICAL TERM
Topical term or geographic name entry element SALE OF PROPERTY
650 ## - SUBJECT ADDED ENTRY--TOPICAL TERM
Topical term or geographic name entry element SOLE AGENCY
690 ## - LOCAL SUBJECT ADDED ENTRY--TOPICAL TERM (OCLC, RLIN)
Topical term or geographic name as entry element MANAGEMENT-BUSINESS MANAGEMENT-PROFESSIONAL PRACTICE
942 ## - ADDED ENTRY ELEMENTS (KOHA)
Suppress in OPAC 0
948 ## - LOCAL PROCESSING INFORMATION (OCLC); SERIES PART DESIGNATOR (RLIN)
c (OCLC) 04/03/1997
Holdings
Withdrawn status Lost status Source of classification or shelving scheme Damaged status Not for loan Home library Current library Shelving location Date acquired Total Checkouts Full call number Barcode Date last seen Copy number Price effective from Koha item type
    Dewey Decimal Classification     London London Journal article 14/09/1999   ABS45343 52455-1001 06/08/2019 1 06/08/2019 Law report